Statistics for Countries by Population - In Order

Click here to take the quiz!

General Stats

  • This quiz has been taken 16 times
  • The average score is 64 of 148

Answer Stats

PopulationCountry% Correct
1.3BChina
93%
1.4BIndia
93%
335MUnited States of America
93%
67.5MUnited Kingdom
79%
84.6MGermany
71%
279MIndonesia
71%
129MMexico
71%
25.3MNiger
71%
233MNigeria
71%
146MRussia
71%
48.5MSpain
71%
36.7MUkraine
71%
45.4MAlgeria
64%
9.2MBelarus
64%
40.7MCanada
64%
95.3MDR Congo
64%
104MEgypt
64%
68.3MFrance
64%
84MIran
64%
58.9MItaly
64%
123MJapan
64%
241MPakistan
64%
6.1MRepublic of the Congo
64%
62MSouth Africa
64%
68.2MThailand
64%
46.6MArgentina
57%
203MBrazil
57%
107MEthiopia
57%
43.3MIraq
57%
37MMorocco
57%
112MPhilippines
57%
37.6MPoland
57%
32.1MSaudi Arabia
57%
100MVietnam
57%
26.8MAustralia
50%
169MBangladesh
50%
3.2MBosnia and Herzegovina
50%
6.4MBulgaria
50%
52.6MColombia
50%
3.8MCroatia
50%
5.5MFinland
50%
5.2MIreland
50%
20MKazakhstan
50%
33.3MMalaysia
50%
3.4MMongolia
50%
5.5MNorway
50%
10.4MPortugal
50%
6.6MSerbia
50%
2.1MSlovenia
50%
10.5MSweden
50%
61.7MTanzania
50%
17.4MChad
43%
11MCuba
43%
5.9MDenmark
43%
3.7MEritrea
43%
10.4MGreece
43%
9.8MIsrael
43%
11.3MJordan
43%
51.5MKenya
43%
22.3MMali
43%
29.1MNepal
43%
5.3MNew Zealand
43%
1.8MNorth Macedonia
43%
6.1MParaguay
43%
19MRomania
43%
5.4MSlovakia
43%
41.9MSudan
43%
11.8MTunisia
43%
45.5MUganda
43%
34.2MAfghanistan
36%
2.7MAlbania
36%
9.1MAustria
36%
10.1MAzerbaijan
36%
11.8MBelgium
36%
12MBolivia
36%
2.4MBotswana
36%
28MCameroon
36%
5.6MCentral African Republic
36%
19.9MChile
36%
10.7MDominican Republic
36%
16.9MEcuador
36%
11.7MHaiti
36%
2.8MJamaica
36%
51.3MKorea
36%
25.6MKorea
36%
1.7MKosovo
36%
7.4MLaos
36%
1.8MLatvia
36%
5.4MLebanon
36%
6.9MLibya
36%
2.8MLithuania
36%
26.9MMadagascar
36%
21.5MMalawi
36%
4.4MMauritania
36%
2.5MMoldova
36%
55.7MMyanmar
36%
2.6MNamibia
36%
17.9MNetherlands
36%
33.3MPeru
36%
13.2MRwanda
36%
18.1MSomalia
36%
14.7MSouth Sudan
36%
8.9MSwitzerland
36%
23.4MTaiwan
36%
8MTogo
36%
9.5MUnited Arab Emirates
36%
3.4MUruguay
36%
36.5MUzbekistan
36%
15.1MZimbabwe
36%
34MAngola
29%
2.9MArmenia
29%
12.6MBenin
29%
22.7MBurkina Faso
29%
12.8MBurundi
29%
17MCambodia
29%
5.2MCosta Rica
29%
29.3MCôte d'Ivoire
29%
10.8MCzech Republic
29%
30.8MGhana
29%
17.6MGuatemala
29%
9.7MHonduras
29%
5.2MLiberia
29%
32.4MMozambique
29%
6.7MNicaragua
29%
5.1MOman
29%
4MPanama
29%
11.7MPapua New Guinea
29%
2.6MQatar
29%
18.2MSenegal
29%
5.9MSingapore
29%
22MSri Lanka
29%
22.9MSyria
29%
10MTajikistan
29%
7MTurkmenistan
29%
28.3MVenezuela
29%
31.8MYemen
29%
19.6MZambia
29%
6.8MEl Salvador
21%
2.2MGabon
21%
3.7MGeorgia
21%
13.2MGuinea
21%
1.7MGuinea-Bissau
21%
4.6MKuwait
21%
7.1MKyrgyzstan
21%
2.3MLesotho
21%
2.4MThe Gambia
21%
8.4MSierra Leone
14%
85.3MTürkiye
14%

Score Distribution

Percentile by Number Answered

Percent of People with Each Score

Your Score History

You have not taken this quiz